000 00452nam a22001217a 4500
999 _c10177
_d10177
003 OSt
008 201218b ||||| |||| 00| 0 eng d
245 _aJournal of Computer Society of India
250 _a2007(Apr-Jun Vol.37 No.2, Jul-Sep Vol.37 No.3, Oct-Dec Vol.37 No.4) 2008(Jan-Mar Vol.38 No.1, Apr-Jun Vol.38 No.2, Jul-Sep Vol.38 No.3)
260 _aMumbai
_bComputer Society of India
650 _aMaster of Computer Applications
942 _2ddc
_cBV